| 000 | 00857nam a2200229Ia 4500 | ||
|---|---|---|---|
| 001 | 17163 | ||
| 003 | GE_BSU | ||
| 008 | 181216s||||||||xx |||||||||||||| ||und|| | ||
| 040 | _cGE_BSU | ||
| 080 | _a087.5:330.1 + 330.1(075.3) | ||
| 100 | _aსტოროჟენკო, ვ. | ||
| 245 | _aასჯერ გაზომე | ||
| 245 | _bეკონომიკა როგორც მეცნიერება. საშ. სკოლის მოსწავლეთათვის | ||
| 245 | _cრუს. თარგმნა ც. ჩხაიძემ. რედ. ნ. გოგოძე | ||
| 260 | _aთბილისი | ||
| 260 | _bნაკადული | ||
| 260 | _c1972 | ||
| 300 | _a123გვ. : ილ. ; 20სმ | ||
| 653 | _aასჯერ გაზომე | ||
| 653 | _aეკონომიკა | ||
| 942 | _cBK | ||
| 999 |
_c50225 _d50225 |
||